Coming up to scratch: Leasehold Reform, Housing and Urban Development Act 1993 (Record no. 32588)
[ view plain ]
| 000 -LEADER | |
|---|---|
| fixed length control field | 00946cab a2200277 4500 |
| 001 - CONTROL NUMBER | |
| control field | ABS51957 |
| 008 - FIXED-LENGTH DATA ELEMENTS--GENERAL INFORMATION | |
| fixed length control field | 090401t1994 xxu||||| |||| 00| 0 eng d |
| 035 ## - SYSTEM CONTROL NUMBER | |
| System control number | (Sirsi) u52755 |
| 041 ## - LANGUAGE CODE | |
| Language code of text/sound track or separate title | eng |
| 100 ## - MAIN ENTRY--PERSONAL NAME | |
| Personal name | Driscoll, J. |
| 245 ## - TITLE STATEMENT | |
| Title | Coming up to scratch: Leasehold Reform, Housing and Urban Development Act 1993 |
| 260 ## - PUBLICATION, DISTRIBUTION, ETC. | |
| Date of publication, distribution, etc. | 1994 |
| 350 ## - PRICE (NR) (BK AM CF MU VM SE) [OBSOLETE] | |
| Price | 0 |
| 490 ## - SERIES STATEMENT | |
| Series statement | Guardian Gazette |
| Volume/sequential designation | 91(45) 7 December 1994, 26-28(2) |
| 520 ## - SUMMARY, ETC. | |
| Summary, etc. | Examines new and revised rights for flat owners introduced in the Leasehold Reform, Housing and Urban Development Act 1993 |
| 650 ## - SUBJECT ADDED ENTRY--TOPICAL TERM | |
| Topical term or geographic name entry element | FLAT OWNERS |
| 650 ## - SUBJECT ADDED ENTRY--TOPICAL TERM | |
| Topical term or geographic name entry element | LANDLORD AND TENANT ACT 1985 |
| 650 ## - SUBJECT ADDED ENTRY--TOPICAL TERM | |
| Topical term or geographic name entry element | LANDLORD AND TENANT ACT 1987 |
| 650 ## - SUBJECT ADDED ENTRY--TOPICAL TERM | |
| Topical term or geographic name entry element | LEASEHOLD ENFRANCHISEMENT |
| 650 ## - SUBJECT ADDED ENTRY--TOPICAL TERM | |
| Topical term or geographic name entry element | LEASEHOLD FLATS |
| 650 ## - SUBJECT ADDED ENTRY--TOPICAL TERM | |
| Topical term or geographic name entry element | LEASEHOLD REFORM, HOUSING AND URBAN DEVELOPMENT ACT 1993 |
| 650 ## - SUBJECT ADDED ENTRY--TOPICAL TERM | |
| Topical term or geographic name entry element | MANAGEMENT AUDITS |
| 690 ## - LOCAL SUBJECT ADDED ENTRY--TOPICAL TERM (OCLC, RLIN) | |
| Topical term or geographic name as entry element | LANDLORD AND TENANT-LEASEHOLD REFORM |
| 942 ## - ADDED ENTRY ELEMENTS (KOHA) | |
| Suppress in OPAC | 0 |
| 948 ## - LOCAL PROCESSING INFORMATION (OCLC); SERIES PART DESIGNATOR (RLIN) | |
| c (OCLC) | 04/03/1997 |
| Withdrawn status | Lost status | Source of classification or shelving scheme | Damaged status | Not for loan | Home library | Current library | Shelving location | Date acquired | Total Checkouts | Full call number | Barcode | Date last seen | Copy number | Price effective from | Koha item type |
|---|---|---|---|---|---|---|---|---|---|---|---|---|---|---|---|
| Dewey Decimal Classification | London | London | Journal article | 14/09/1999 | ABS51957 | 52755-1001 | 06/08/2019 | 1 | 06/08/2019 | Journal article |